000 00794cam a2200229 a 4500
001 12935690
005 20180109035203.0
008 020918s2003 njua b 001 0 eng
010 _a 2002015200
020 _a0130949841 (pbk.)
040 _aDLC
_cDLC
_dDLC
041 _aeng
080 _a808.0427 SIL
082 0 0 _a808.0427 SIL
_221
100 1 _a46
101 _aEDU
245 1 4 _aThe world is a text :
_cJonathan Silverman, Dean Rader.
504 _aIncludes bibliographical references and index.
906 _a7
_bcbc
_corignew
_d1
_eecip
_f20
_gy-gencatlg
942 _2ddc
_cBK
999 _c39842
_d39842